| 000 | 01561nam a2200373 a 4500 | ||
|---|---|---|---|
| 001 | ebr5003981 | ||
| 003 | CaPaEBR | ||
| 006 | m u | ||
| 007 | cr cn||||||||| | ||
| 008 | 931018s1994 ctu sb 001 0 eng | ||
| 010 | _z 93040159 | ||
| 020 | _z0897892542 (alk. paper) | ||
| 020 | _z0897892550 (pbk. : alk. paper) | ||
| 040 |
_aCaPaEBR _cCaPaEBR |
||
| 035 | _a(OCoLC)632791314 | ||
| 050 | 1 | 4 |
_aLB1043 _b.S456 1994eb |
| 082 | 0 | 4 |
_a371.3/35 _220 |
| 100 | 1 | _aSholle, David. | |
| 245 | 1 | 0 |
_aMedia education and the (re)production of culture _h[electronic resource] / _cDavid Sholle and Stan Denski. |
| 246 | 3 | _aMedia education and the reproduction of culture | |
| 246 | 3 | _aMedia education and the production of culture | |
| 260 |
_aWestport, Conn. : _bBergin & Garvey, _c1994. |
||
| 300 | _aix, 184 p. | ||
| 490 | 1 |
_aCritical studies in education and culture series, _x1064-8615 |
|
| 504 | _aIncludes bibliographical references (p. [175]-180) and index. | ||
| 533 |
_aElectronic reproduction. _bPalo Alto, Calif. : _cebrary, _d2013. _nAvailable via World Wide Web. _nAccess may be limited to ebrary affiliated libraries. |
||
| 650 | 0 |
_aAudio-visual education _xSocial aspects _zUnited States. |
|
| 650 | 0 |
_aCritical pedagogy _zUnited States. |
|
| 655 | 7 |
_aElectronic books. _2local |
|
| 700 | 1 | _aDenski, Stan. | |
| 710 | 2 | _aebrary, Inc. | |
| 830 | 0 | _aCritical studies in education and culture series. | |
| 856 | 4 | 0 |
_uhttp://site.ebrary.com/lib/rucke/Doc?id=5003981 _zAn electronic book accessible through the World Wide Web; click to view |
| 999 |
_c671 _d671 |
||